The Police - Every breath you take - Lyrics - Statistics

General Stats
  • This quiz has been taken 2,662 times
  • The average score is 134 of 175
Answer Stats
Answer % Correct
Every
100%
every
100%
you
100%
breath
99%
take
99%
I
98%
be
97%
make
97%
move
94%
watching
94%
I'll
93%
step
87%
a
83%
can
79%
see
79%
me
78%
to
77%
can't
74%
belong
73%
break
71%
day
69%
single
68%
Oh
67%
with
65%
heart
63%
your
61%
and
56%
my
55%
say
55%
smile
54%
word
53%
face
52%
fake
52%
aches
51%
baby
49%
so
49%
gone
48%
night
48%
Since
48%
please
47%
lost
46%
poor
46%
been
45%
i've
44%
bond
43%
for
43%
only
43%
without
43%
you've
42%
How
40%
look
40%
it's
39%
trace
39%
vow
39%
at
37%
but
37%
keep
37%
stay
37%
around
36%
embrace
36%
long
36%
replace
36%
dream
35%
play
35%
game
34%
feel
32%
stake
31%
claim
28%
cold
26%
crying
26%
No matching quizzes found
Score Distribution
Percent of People with Each Score
Percentile by Number Answered
Your Score History
You have not taken this quiz